Datum a čas kvízu
31.5
Celkem bodů
Celkový počet nahraných bodů na tomto kvízu bez doplňovacích otázek.
5.
Pořadí na kvízu
Konečné umístění týmu na tomto kvízu.
Zaznamenané odpovědi
| # | Otázka | Odpověď | Body | Výsledky |
|---|---|---|---|---|
| 1. | Minulou středu sněmovna schvál... | Od roku 2027. | 1 | |
| 2. | Blízko slovinského města Sevni... | Melania Trumpová | 0 | |
| 3. | Jistá 26letá česká zpěvačka, z... | Markéta Konvičková | 1 | |
| 4. | Další z obchodních řetězců pů... | Lidl | 1 | |
| 5. | Letošní Tour de France se zaps... | Tadej Pogačar | 0 | |
| 6. | Po dějinách Ukrajiny, které js... | Štěpán I. (Svatý) | 1 | |
| 7. | Jak se nazývá město v jižním M... | Moháč | 0 | |
| 8. | Jak se jmenoval dočasný státní... | Maďarská republika rad | 0 | |
| 9. | Liberální pojetí socialismu sp... | gulášový socialismus/komunismus | 0 | |
| 10. | Napište šestipísmennou zkratku... | Fidesz | 0 |